000 00574nam a22001457a 4500
005 20250207172815.0
008 241106b |||||||| |||| 00| 0 eng d
100 _aCegarra, Alejandro.
_eauthor.
_963688
245 _aCaracas, Venezuela :
_bbright spots in city skies /
_cAlejandro Cegarra.
260 _aWashington ;
_bNational Geographic Partners, LLC.,
_cDecember 2022.
300 _avolume 241, pages 74-75,
_billustration.
500 _aNational Geographic, v. 242, n. 12, pages 74-75, December 2022.
700 _aCegarra, Alejandro.
_eauthor.
_963687
942 _2ddc
_cPER
999 _c23038
_d23038